<?xml version="1.0" encoding="UTF-8"?>
<collection xmlns="http://www.loc.gov/MARC21/slim">
 <record>
  <leader>01603nam a22002177a 4500</leader>
  <controlfield tag="001">NCT_4_029413</controlfield>
  <controlfield tag="008">251201b        xxu||||| |||| 00| 0 vie d</controlfield>
  <datafield tag="999" ind1=" " ind2=" ">
   <subfield code="c">9476</subfield>
   <subfield code="d">9476</subfield>
  </datafield>
  <datafield tag="020" ind1=" " ind2=" ">
   <subfield code="a">9786049911767</subfield>
   <subfield code="c">90000</subfield>
  </datafield>
  <datafield tag="082" ind1=" " ind2=" ">
   <subfield code="2">23rd ed.</subfield>
   <subfield code="a">294.3</subfield>
   <subfield code="b">H233</subfield>
  </datafield>
  <datafield tag="100" ind1="1" ind2=" ">
   <subfield code="a">Thích Nhất Hạnh</subfield>
  </datafield>
  <datafield tag="245" ind1="1" ind2="0">
   <subfield code="a">Không diệt không sinh đừng sợ hãi = </subfield>
   <subfield code="b">No death, no fear : comforting wisdom for life</subfield>
   <subfield code="c">Thích Nhất Hạnh ; Chân Huyền (dịch)</subfield>
  </datafield>
  <datafield tag="250" ind1=" " ind2=" ">
   <subfield code="a">Tái bản lần thứ 2</subfield>
  </datafield>
  <datafield tag="260" ind1=" " ind2=" ">
   <subfield code="a">H.</subfield>
   <subfield code="b">Hội nhà văn</subfield>
   <subfield code="c">2020</subfield>
  </datafield>
  <datafield tag="300" ind1=" " ind2=" ">
   <subfield code="a">222 tr.</subfield>
   <subfield code="b">Minh hoạ</subfield>
   <subfield code="c">21 cm</subfield>
  </datafield>
  <datafield tag="520" ind1="3" ind2=" ">
   <subfield code="a">Quyển sách này trình bày giáo lý sâu sắc của Thiền sư Thích Nhất Hạnh về bản chất của sinh và diệt, giúp người đọc vượt qua nỗi sợ hãi về cái chết. Thầy giải thích rằng mọi hiện tượng chỉ chuyển hóa chứ không mất đi, giống như đám mây trở thành mưa. Với giọng văn nhẹ nhàng và đầy an ủi, sách hướng dẫn cách sống trọn vẹn trong từng khoảnh khắc. Đây là tác phẩm mang lại sự bình an lớn cho những ai đang đối diện biến cố, mất mát hoặc khổ đau.</subfield>
  </datafield>
  <datafield tag="653" ind1=" " ind2=" ">
   <subfield code="a">Tham khảo</subfield>
  </datafield>
  <datafield tag="700" ind1="0" ind2=" ">
   <subfield code="a">Chân Huyền</subfield>
   <subfield code="e">Dịch</subfield>
  </datafield>
  <datafield tag="942" ind1=" " ind2=" ">
   <subfield code="2">ddc</subfield>
   <subfield code="c">BK</subfield>
  </datafield>
  <datafield tag="952" ind1=" " ind2=" ">
   <subfield code="0">0</subfield>
   <subfield code="1">0</subfield>
   <subfield code="2">ddc</subfield>
   <subfield code="4">0</subfield>
   <subfield code="6">294_300000000000000_H233</subfield>
   <subfield code="7">0</subfield>
   <subfield code="9">31628</subfield>
   <subfield code="a">000001</subfield>
   <subfield code="b">000001</subfield>
   <subfield code="d">2025-12-01</subfield>
   <subfield code="o">294.3 H233</subfield>
   <subfield code="p">TK.05846</subfield>
   <subfield code="r">2025-12-01</subfield>
   <subfield code="v">90000.00</subfield>
   <subfield code="w">2025-12-01</subfield>
   <subfield code="y">BK</subfield>
  </datafield>
  <datafield tag="980" ind1=" " ind2=" ">
   <subfield code="a">Thư viện Trường Đại học Nam Cần Thơ</subfield>
  </datafield>
 </record>
</collection>
